Personaggi di fantasia - M - - Statistics

Statistiche generali
  • Questo quiz è stato fatto 3.109 volte
  • Il punteggio medio è 12 su 20
Statistiche sulle risposte
con Immagini Risposta % Corretto
Mario
99%
Minni
97%
Mary Poppins
94%
Medusa
92%
Malefica
88%
Mulan
87%
Mufasa
85%
Mowgli
81%
Mila Hazuki
72%
Monica Geller
56%
Merida
51%
Milhouse Van Houten
51%
Maverick
47%
Marty McFly
45%
Magneto
34%
Morpheus
31%
Michael Corleone
28%
Megatron
20%
Memole
19%
Miranda Hobbes
17%
Nessun quiz corrispondente trovato
Distribuzione punteggi
Percentuale di utenti per punteggio
Percentile per numero di risposta
I tuoi punteggi nel tempo
Non hai fatto questo quiz